01016nam a2200289Ia 450000500170000000800340001702000180005108200170006910000200008624501020010625000220020830000470023049000290027765000390030665000400034565000410038565000400042670000410046670000460050794200120055326400230056533600270058833700330061533800280064804000350067699900150071120220317000247.0141031s2010 s a 0 gpa d s  a978849874137704a745.54bM87p1 aDamasio, Muriel10aPapel machécMuriel Damasio ; fotografías Olivier d'Huissier ; traducción Ana María Aznar aPrimera edición a36 páginasbilustraciones a colorc24 cm aLos pequeños creadores142LEMBaPapel mache (obras manuales)142LEMBaArtesanías en papel maché142LEMBaTrabajos manualesxEducación142LEMBaArte decorativoxManualidades1 aAznar, Ana Maríaetraductor9142201 ad'Huissier, Olivier,efotografía999303 2ddccBK aMadridbDracc2010 atextobtxt2rdacontent asin mediaciónbn2rdamedia avolumenbnc2rdacarrier aCO-BoRNBPbspaerdacCO-BoRNBP c3547d3547